Violencia y acoso en el trabajo Significado y alcance del Convenio Nð 190 OIT en el marco del trabajo decente (ODS 3, 5, 8 de la agenda 2030) /

Detalles Bibliográficos
Autor principal: Quintero Lima, M. Gema
Otros Autores: Correa Carrasco, Manuel
Formato: eBook
Lenguaje:español
Publicado: Madrid: Dykinson, 2021
Materias:
Acceso en línea:Acceso restringido

MARC

LEADER 00000nam a22000007a 4500
005 20210908004513.0
007 cr|||| ||||
008 210908s2021 ea |||||s|||| 00||0 spa d
020 |a 978-84-1377-551-7 
035 |a 35118 
040 |a vLex 
090 |c 12319  |d 12319 
100 1 |a Quintero Lima, M. Gema 
245 1 0 |a Violencia y acoso en el trabajo  |h [Recurso electrn̤ico] :  |b Significado y alcance del Convenio Nð 190 OIT en el marco del trabajo decente (ODS 3, 5, 8 de la agenda 2030) /  |c M. Gema Quintero Lima, Manuel Correa Carrasco 
256 |a Servicio en ln̕ea 
260 |a Madrid:  |b Dykinson,  |c 2021 
300 |a 1 recurso electrn̤ico 
506 1 |a Disponible solo en los productos indicados  |d vLex Global  |d vLex Global (Academic Edition, excluding Law Schools)  |d vLex Global (U.S. Academic Edition, Law Schools)  |d vLex Global (U.S. Academic Edition, excluding Law Schools)  |d vLex Global (Academic Edition, Law Schools) 
650 0 4 |a Derecho Laboral y Seguridad Social  |z Espaą 
700 1 |a Correa Carrasco, Manuel 
740 0 |a vLex Libros (Servicio en ln̕ea) 
856 4 0 |u https://app.vlex.com/#/sources/35118  |z Acceso restringido 
942 |c BOOK 
999 0 |a Labor law and social security